[Event "European Club Cup 2006"]
[Site "Fuegen AUT"]
[Date "2006.10.13"]
[Round "6.51"]
[White "Bauer, Christian"]
[Black "Carlsson, Pontus"]
[Result "1/2-1/2"]
[WhiteElo "2589"]
[BlackElo "2461"]
[PlyCount "100"]
[EventDate "2006.10.08"]
[EventType "team"]
[EventRounds "7"]
[EventCountry "AUT"]
[Source "lmi"]
[SourceDate "2006.10.08"]

1. d4 e6 2. Nf3 Nf6 3. g3 b5 4. Qd3 Ba6 5. a3 b4 6. Qd1 c5 7. Bg2 Bb7 8. dxc5
Bxc5 9. axb4 Bxb4+ 10. c3 Be7 11. Nbd2 O-O 12. O-O Qc7 13. Qa4 d5 14. Nb3 Nc6
15. Rd1 Nd7 16. Bf4 Qb6 17. Be3 Nc5 18. Nxc5 Bxc5 19. Bxc5 Qxc5 20. e4 Ne7 21.
Ne5 Rfd8 22. exd5 Bxd5 23. Qa5 Qxa5 24. Rxa5 f6 25. Bxd5 Rxd5 26. Rdxd5 Nxd5
27. Nc6 a6 28. c4 Nc7 29. Rc5 Kf7 30. Na5 Ne8 31. Rc6 Ke7 32. Rb6 Kd7 33. b4
Nd6 34. h4 h5 35. Kg2 e5 36. Kf3 Ra7 37. c5 Nc8 38. Rc6 Ra8 39. Ke3 Rb8 40.
Rxa6 Rxb4 41. Nb7 Rb5 42. Ke4 Ne7 43. Rb6 Rxb6 44. cxb6 Kc6 45. Nd8+ Kxb6 46.
Ne6 g6 47. Nf8 Kc6 48. Nh7 Nd5 49. Nf8 Ne7 50. Nh7 Nd5 1/2-1/2

[Event "European Club Cup 2006"]
[Site "Fuegen AUT"]
[Date "2006.10.13"]
[Round "6.52"]
[White "Ernst, Thomas"]
[Black "Hamdouchi, Hichem"]
[Result "0-1"]
[WhiteElo "2441"]
[BlackElo "2582"]
[PlyCount "62"]
[EventDate "2006.10.08"]
[EventType "team"]
[EventRounds "7"]
[EventCountry "AUT"]
[Source "lmi"]
[SourceDate "2006.10.08"]

1. e4 c5 2. Nf3 e6 3. d4 cxd4 4. Nxd4 a6 5. Bd3 Bc5 6. Nb3 Ba7 7. O-O Nc6 8.
Qg4 Nf6 9. Qxg7 Rg8 10. Qh6 Ne5 11. Nc3 b5 12. Bg5 Rg6 13. Qh4 Nf3+ 14. gxf3 h6
15. f4 hxg5 16. fxg5 Nh5 17. Kh1 Rxg5 18. Qh3 Qf6 19. Ne2 Qh6 20. Rg1 Bxf2 21.
Rxg5 Qxg5 22. Rf1 Bb6 23. Qf3 f6 24. e5 Rb8 25. exf6 Nxf6 26. Ng3 Bb7 27. Be4
d5 28. Bd3 Ke7 29. Nc1 Rh8 30. Nce2 Qh4 31. Qg2 Ng4 0-1

[Event "European Club Cup 2006"]
[Site "Fuegen AUT"]
[Date "2006.10.13"]
[Round "6.53"]
[White "Gomez Esteban, Juan Mario"]
[Black "Lindberg, Bosse"]
[Result "1-0"]
[WhiteElo "2486"]
[BlackElo "2392"]
[PlyCount "53"]
[EventDate "2006.10.08"]
[EventType "team"]
[EventRounds "7"]
[EventCountry "AUT"]
[Source "lmi"]
[SourceDate "2006.10.08"]

1. Nf3 c5 2. c4 Nc6 3. d4 cxd4 4. Nxd4 Nf6 5. Nc3 g6 6. e4 d6 7. Be2 Bg7 8. Be3
O-O 9. O-O Re8 10. Rc1 Nxd4 11. Bxd4 Bh6 12. Rc2 e5 13. Be3 Bxe3 14. fxe3 Re6
15. c5 Qe7 16. Bc4 dxc5 17. Rcf2 Rd6 18. Qf3 Kg7 19. Qg3 Bd7 20. Nd5 Nxd5 21.
Rxf7+ Qxf7 22. Rxf7+ Kxf7 23. Qxe5 Rf6 24. exd5 Re8 25. Qc7 Ke7 26. e4 Rc8 27.
Qe5+ 1-0

[Event "European Club Cup 2006"]
[Site "Fuegen AUT"]
[Date "2006.10.13"]
[Round "6.55"]
[White "Stefansson, Hannes"]
[Black "Fedorov, Alexei"]
[Result "1/2-1/2"]
[WhiteElo "2551"]
[BlackElo "2617"]
[PlyCount "25"]
[EventDate "2006.10.08"]
[EventType "team"]
[EventRounds "7"]
[EventCountry "AUT"]
[Source "lmi"]
[SourceDate "2006.10.08"]

1. d4 Nf6 2. c4 g6 3. Nf3 Bg7 4. g3 O-O 5. Bg2 d6 6. O-O Nc6 7. Nc3 a6 8. h3
Bd7 9. e4 e5 10. dxe5 Nxe5 11. Nxe5 dxe5 12. Be3 Be6 13. b3 1/2-1/2

[Event "European Club Cup 2006"]
[Site "Fuegen AUT"]
[Date "2006.10.13"]
[Round "6.56"]
[White "Azarov, Sergei"]
[Black "Thorfinnsson, Bragi"]
[Result "1-0"]
[WhiteElo "2565"]
[BlackElo "2387"]
[PlyCount "49"]
[EventDate "2006.10.08"]
[EventType "team"]
[EventRounds "7"]
[EventCountry "AUT"]
[Source "lmi"]
[SourceDate "2006.10.08"]

1. e4 c5 2. Nf3 d6 3. d4 cxd4 4. Nxd4 Nf6 5. Nc3 a6 6. Bg5 e6 7. f4 Be7 8. Qf3
Qc7 9. O-O-O Nc6 10. Nxc6 Qxc6 11. Bd3 Bd7 12. Qe2 Qc5 13. f5 b5 14. Be3 Qe5
15. Qf3 Rc8 16. Bf4 Qc5 17. g4 b4 18. Ne2 d5 19. e5 Ne4 20. Kb1 a5 21. Rhf1 a4
22. Be3 Qc7 23. fxe6 Bxe6 24. Bb5+ Kf8 25. Nd4 1-0

[Event "European Club Cup 2006"]
[Site "Fuegen AUT"]
[Date "2006.10.13"]
[Round "6.57"]
[White "Thorfinnsson, Bjorn"]
[Black "Zhigalko, Andrey"]
[Result "0-1"]
[WhiteElo "2317"]
[BlackElo "2532"]
[PlyCount "74"]
[EventDate "2006.10.08"]
[EventType "team"]
[EventRounds "7"]
[EventCountry "AUT"]
[Source "lmi"]
[SourceDate "2006.10.08"]

1. d4 d6 2. e4 g6 3. Bd2 Nf6 4. Bd3 Bg7 5. Bc3 O-O 6. f4 c5 7. dxc5 dxc5 8. Nd2
Nc6 9. Ngf3 Qc7 10. g3 b6 11. Qe2 Bb7 12. Rd1 Rad8 13. a3 Bc8 14. b4 Nd4 15.
Nxd4 cxd4 16. Ba1 Ng4 17. Nf3 e5 18. fxe5 h5 19. h3 Nxe5 20. Nxd4 Nxd3+ 21.
Rxd3 Rde8 22. Nb5 Qc6 23. Rd6 Qxe4 24. Qxe4 Rxe4+ 25. Kd2 Bh6+ 26. Kd1 Rfe8 27.
Bc3 Bb7 28. Rf1 Bf8 29. Rd3 Ba6 30. a4 Bxb4 31. Bxb4 Rxb4 32. Rf4 Rxa4 33. Nc7
Rxf4 34. gxf4 Bxd3 35. Nxe8 Ba6 36. h4 Kf8 37. Nf6 Bb7 0-1

[Event "European Club Cup 2006"]
[Site "Fuegen AUT"]
[Date "2006.10.13"]
[Round "6.60"]
[White "Mochalov, Evgeny V"]
[Black "Johannesson, Ingvar Thor"]
[Result "1-0"]
[WhiteElo "2419"]
[BlackElo "2271"]
[PlyCount "73"]
[EventDate "2006.10.08"]
[EventType "team"]
[EventRounds "7"]
[EventCountry "AUT"]
[Source "lmi"]
[SourceDate "2006.10.08"]

1. Nf3 g6 2. e4 Bg7 3. d4 d6 4. Nc3 a6 5. a4 b6 6. Bc4 e6 7. O-O Ne7 8. Re1 h6
9. Ne2 Bb7 10. Ng3 Nd7 11. c3 O-O 12. Bb3 Kh7 13. h3 e5 14. Bc2 c6 15. Nh2 c5
16. d5 Ng8 17. Bd3 Qc7 18. Qe2 Bc8 19. Bd2 Ndf6 20. Rf1 Ne7 21. f4 exf4 22.
Bxf4 Nd7 23. Ng4 Re8 24. Bxh6 Ne5 25. Nxe5 Bxe5 26. Rxf7+ Kxh6 27. Qe3+ g5 28.
Raf1 c4 29. Qe2 Qc5+ 30. Kh1 g4 31. Qd2+ Kg6 32. h4 Nf5 33. R7xf5 Bxf5 34. Qg5+
Kh7 35. Qxf5+ Kh8 36. Qh5+ Kg8 37. Qf7+ 1-0

[Event "European Club Cup 2006"]
[Site "Fuegen AUT"]
[Date "2006.10.13"]
[Round "6.61"]
[White "Gabriel, Christian"]
[Black "Arkell, Keith C"]
[Result "1/2-1/2"]
[WhiteElo "2540"]
[BlackElo "2479"]
[PlyCount "80"]
[EventDate "2006.10.08"]
[EventType "team"]
[EventRounds "7"]
[EventCountry "AUT"]
[Source "lmi"]
[SourceDate "2006.10.08"]

1. d4 Nf6 2. c4 e6 3. Nf3 Bb4+ 4. Bd2 Bxd2+ 5. Qxd2 d5 6. e3 Nbd7 7. Nc3 O-O 8.
cxd5 exd5 9. Bd3 c6 10. O-O Qe7 11. Qc2 Re8 12. Rab1 a5 13. a3 g6 14. b4 axb4
15. axb4 b5 16. Rfe1 Bb7 17. Nd2 Nb6 18. Nb3 Nc4 19. Qc1 Bc8 20. Nc5 Be6 21. h3
Nd7 22. Bxc4 bxc4 23. e4 Nxc5 24. bxc5 dxe4 25. Rxe4 Qd7 26. Qf4 Bf5 27. Rxe8+
Rxe8 28. Rb8 Rxb8 29. Qxb8+ Kg7 30. Qf4 f6 31. g4 Bd3 32. d5 cxd5 33. Qd4 Qe6
34. Nxd5 Kf7 35. Kh2 Qe5+ 36. Qxe5 fxe5 37. c6 Ke6 38. c7 Kd7 39. h4 h5 40. f3
c3 1/2-1/2

[Event "European Club Cup 2006"]
[Site "Fuegen AUT"]
[Date "2006.10.13"]
[Round "6.62"]
[White "Williams, Simon"]
[Black "Jenni, Florian"]
[Result "1-0"]
[WhiteElo "2473"]
[BlackElo "2521"]
[PlyCount "55"]
[EventDate "2006.10.08"]
[EventType "team"]
[EventRounds "7"]
[EventCountry "AUT"]
[Source "lmi"]
[SourceDate "2006.10.08"]

1. d4 Nf6 2. c4 e6 3. Nf3 b6 4. g3 Ba6 5. Qc2 Bb4+ 6. Bd2 Be7 7. e4 d5 8. cxd5
Bxf1 9. Kxf1 exd5 10. e5 Ne4 11. Nc3 Nxc3 12. Bxc3 Qd7 13. Kg2 Nc6 14. h4 Nd8
15. Nh2 O-O 16. f4 f5 17. exf6 gxf6 18. Rhe1 Nf7 19. Qe2 Rae8 20. Qh5 Bd8 21.
Bb4 Be7 22. Qg4+ Qxg4 23. Nxg4 Nd6 24. Bxd6 cxd6 25. Nh6+ Kh8 26. Nf5 Bd8 27.
Rxe8 Rxe8 28. Rc1 1-0

[Event "European Club Cup 2006"]
[Site "Fuegen AUT"]
[Date "2006.10.13"]
[Round "6.63"]
[White "Vogt, Lothar"]
[Black "Greet, Andrew"]
[Result "1-0"]
[WhiteElo "2479"]
[BlackElo "2439"]
[PlyCount "91"]
[EventDate "2006.10.08"]
[EventType "team"]
[EventRounds "7"]
[EventCountry "AUT"]
[Source "lmi"]
[SourceDate "2006.10.08"]

1. e4 e5 2. Bc4 Nf6 3. d3 Nc6 4. Nc3 Bb4 5. Nge2 d5 6. exd5 Nxd5 7. O-O Be6 8.
Bb5 Qd7 9. Nxd5 Bxd5 10. c4 Be6 11. d4 a6 12. Qa4 axb5 13. Qxa8+ Nd8 14. d5 Bf5
15. a3 Bd6 16. cxb5 O-O 17. Qa4 Bd3 18. Re1 Bxb5 19. Qc2 f5 20. f4 e4 21. Be3
g5 22. g3 gxf4 23. gxf4 Rf6 24. Kh1 Rg6 25. Nd4 Bd3 26. Qd1 c5 27. dxc6 bxc6
28. Qh5 Bxf4 29. Qxf5 Qxf5 30. Nxf5 Rf6 31. Bxf4 Rxf5 32. Be3 Kf7 33. a4 Ke6
34. a5 Rf8 35. a6 Nf7 36. a7 Ra8 37. Rg1 Nd6 38. b3 Nf5 39. Rge1 Bc2 40. Rac1
Bxb3 41. Rxc6+ Kd7 42. Ra6 Bd5 43. Kg2 Rg8+ 44. Kf2 Rf8 45. Rd1 Nd6+ 46. Ke1
1-0

[Event "European Club Cup 2006"]
[Site "Fuegen AUT"]
[Date "2006.10.13"]
[Round "6.64"]
[White "Houska, Jovanka"]
[Black "Hug, Werner"]
[Result "1/2-1/2"]
[WhiteElo "2364"]
[BlackElo "2440"]
[PlyCount "57"]
[EventDate "2006.10.08"]
[EventType "team"]
[EventRounds "7"]
[EventCountry "AUT"]
[Source "lmi"]
[SourceDate "2006.10.08"]

1. e4 e6 2. d4 d5 3. Nc3 Bb4 4. exd5 exd5 5. Bd3 c6 6. Nge2 Bg4 7. O-O Ne7 8.
Bf4 O-O 9. Qd2 Bxe2 10. Qxe2 Ng6 11. Bd2 Re8 12. Qg4 Nd7 13. Rfe1 Nf6 14. Rxe8+
Qxe8 15. Qf3 Qf8 16. a3 Ba5 17. Bg5 Nd7 18. g3 Qd6 19. h4 Re8 20. Kg2 Bd8 21.
Rh1 Bxg5 22. hxg5 Ngf8 23. Nd1 g6 24. Ne3 f5 25. gxf6 Nxf6 26. Ng4 Nxg4 27.
Qxg4 Qf6 28. c3 Re7 29. Qf3 1/2-1/2

[Event "European Club Cup 2006"]
[Site "Fuegen AUT"]
[Date "2006.10.13"]
[Round "6.65"]
[White "Gruenenwald, Joerg"]
[Black "Cooper, Lawrence"]
[Result "1-0"]
[WhiteElo "2354"]
[BlackElo "2309"]
[PlyCount "73"]
[EventDate "2006.10.08"]
[EventType "team"]
[EventRounds "7"]
[EventCountry "AUT"]
[Source "lmi"]
[SourceDate "2006.10.08"]

1. d4 d5 2. Nf3 Nf6 3. c4 c6 4. Qc2 dxc4 5. Qxc4 Bf5 6. g3 e6 7. Bg2 Be7 8. O-O
O-O 9. Qb3 Qb6 10. Nbd2 Nbd7 11. Nc4 Qa6 12. Bf4 Be4 13. Bd6 Bd5 14. Bxe7 Bxc4
15. Qc2 Bxe2 16. Bxf8 Rxf8 17. Rfe1 Bxf3 18. Bxf3 Rd8 19. a3 Qb6 20. Red1 Qc7
21. b4 a6 22. a4 Qd6 23. b5 axb5 24. axb5 Rc8 25. Ra7 Qb8 26. Rda1 g6 27. Qb2
Nb6 28. bxc6 bxc6 29. R1a6 Nfd7 30. Qb4 Rc7 31. Rxc7 Qxc7 32. Qe7 Kg7 33. Rxb6
Qxb6 34. Qxd7 c5 35. d5 exd5 36. Bxd5 Qf6 37. Qc7 1-0

[Event "European Club Cup 2006"]
[Site "Fuegen AUT"]
[Date "2006.10.13"]
[Round "6.66"]
[White "Lindner, Daniel"]
[Black "Hess, Ralf"]
[Result "0-1"]
[WhiteElo "2271"]
[BlackElo "2340"]
[PlyCount "48"]
[EventDate "2006.10.08"]
[EventType "team"]
[EventRounds "7"]
[EventCountry "AUT"]
[Source "lmi"]
[SourceDate "2006.10.08"]

1. e4 e5 2. Nf3 Nc6 3. Bc4 Nf6 4. Ng5 d5 5. exd5 Na5 6. Bb5+ c6 7. dxc6 bxc6 8.
Be2 h6 9. Nf3 e4 10. Ne5 Qd4 11. Ng4 Bxg4 12. Bxg4 Bc5 13. O-O e3 14. Bh3 exf2+
15. Kh1 O-O 16. c3 Qd3 17. b4 Rfe8 18. bxc5 Ne4 19. Bf5 Ng3+ 20. hxg3 Qxf5 21.
Na3 Qxc5 22. Nc2 Re5 23. g4 Re4 24. d4 Qh5+ 0-1

[Event "European Club Cup 2006"]
[Site "Fuegen AUT"]
[Date "2006.10.13"]
[Round "6.67"]
[White "Kveinys, Aloyzas"]
[Black "Brkic, Ante"]
[Result "0-1"]
[WhiteElo "2540"]
[BlackElo "2541"]
[PlyCount "76"]
[EventDate "2006.10.08"]
[EventType "team"]
[EventRounds "7"]
[EventCountry "AUT"]
[Source "lmi"]
[SourceDate "2006.10.08"]

1. c4 c5 2. Nc3 Nc6 3. g3 g6 4. Bg2 Bg7 5. e3 e6 6. Nge2 Nge7 7. O-O O-O 8. d3
d5 9. cxd5 exd5 10. a3 b6 11. b4 d4 12. Ne4 cxb4 13. axb4 dxe3 14. Bxe3 Nxb4
15. Bg5 Bb7 16. Nf6+ Bxf6 17. Bxf6 Bxg2 18. Kxg2 Qd6 19. Bb2 Qxd3 20. Qxd3 Nxd3
21. Ba3 Rfe8 22. Nc3 Nc6 23. Rfd1 Rad8 24. Rab1 Na5 25. Nb5 Nc4 26. Bb4 a5 27.
Bc3 Re2 28. Kg1 Rc2 29. Bf6 Rd5 30. Nc3 Rf5 31. Ne4 Rxf6 32. Nxf6+ Kg7 33. Ne8+
Kf8 34. Rxd3 Kxe8 35. Re1+ Kf8 36. Rd8+ Kg7 37. Re7 Kf6 38. Rc7 Rc1+ 0-1

[Event "European Club Cup 2006"]
[Site "Fuegen AUT"]
[Date "2006.10.13"]
[Round "6.70"]
[White "Bogut, Zeljko"]
[Black "Sarakauskas, Gediminas"]
[Result "1-0"]
[WhiteElo "2444"]
[BlackElo "2438"]
[PlyCount "83"]
[EventDate "2006.10.08"]
[EventType "team"]
[EventRounds "7"]
[EventCountry "AUT"]
[Source "lmi"]
[SourceDate "2006.10.08"]

1. e4 e5 2. Nf3 Nc6 3. Bb5 a6 4. Ba4 Nf6 5. Qe2 Be7 6. d3 d6 7. c3 O-O 8. O-O
b5 9. Bc2 Re8 10. Rd1 Bf8 11. Nbd2 Nh5 12. Nf1 Qf6 13. g3 h6 14. Ne3 Ne7 15. d4
Rb8 16. Nxe5 Nxg3 17. fxg3 dxe5 18. Rf1 Qg6 19. Bb3 Be6 20. d5 Bh3 21. Rf2 Nc8
22. Qf3 Bc5 23. Kh1 Nd6 24. Bc2 h5 25. Re2 Nc4 26. Nxc4 Bg4 27. Qg2 Bxe2 28.
Qxe2 bxc4 29. Qxc4 Bf2 30. Kg2 Bb6 31. Qxa6 c6 32. a4 cxd5 33. a5 Ra8 34. Qb5
d4 35. axb6 Rxa1 36. Qxe8+ Kh7 37. b7 Rxc1 38. Bd3 h4 39. Qxe5 h3+ 40. Kxh3
Qh6+ 41. Kg4 Qg6+ 42. Qg5 1-0

[Event "European Club Cup 2006"]
[Site "Fuegen AUT"]
[Date "2006.10.13"]
[Round "6.71"]
[White "Dambrauskas, Virginijus"]
[Black "Zivkovic, Vjekoslav"]
[Result "1/2-1/2"]
[WhiteElo "2331"]
[BlackElo "2412"]
[PlyCount "47"]
[EventDate "2006.10.08"]
[EventType "team"]
[EventRounds "7"]
[EventCountry "AUT"]
[Source "lmi"]
[SourceDate "2006.10.08"]

1. d4 Nf6 2. c4 g6 3. Nf3 Bg7 4. g3 O-O 5. Bg2 d6 6. O-O Nbd7 7. Nc3 e5 8. h3
c6 9. e4 exd4 10. Nxd4 Qb6 11. Nde2 Ne5 12. b3 Ne8 13. Be3 Qa5 14. Rc1 f5 15.
f4 Nf7 16. exf5 gxf5 17. Qc2 Nf6 18. Rfe1 Bd7 19. Bf2 Rae8 20. Nd4 Rxe1+ 21.
Rxe1 Re8 22. Rxe8+ Nxe8 23. Nde2 a6 24. a4 1/2-1/2

[Event "European Club Cup 2006"]
[Site "Fuegen AUT"]
[Date "2006.10.13"]
[Round "6.72"]
[White "Rade, Miroslav"]
[Black "Lapienis, Donatas"]
[Result "1-0"]
[WhiteElo "2425"]
[BlackElo "2310"]
[PlyCount "85"]
[EventDate "2006.10.08"]
[EventType "team"]
[EventRounds "7"]
[EventCountry "AUT"]
[Source "lmi"]
[SourceDate "2006.10.08"]

1. e4 c5 2. Nf3 d6 3. d4 cxd4 4. Nxd4 Nf6 5. Nc3 a6 6. Be2 e5 7. Nb3 Be7 8. O-O
O-O 9. Kh1 Nc6 10. f4 a5 11. a4 Nb4 12. Bf3 Be6 13. g4 exf4 14. Bxf4 Ne8 15.
Nd4 Bg5 16. Bg3 Bh4 17. Qe1 Bxg3 18. Qxg3 Nc6 19. Ndb5 Ne5 20. Rad1 Qb6 21. Be2
Qc5 22. g5 Rd8 23. Qg1 Nc6 24. Qxc5 dxc5 25. Rxd8 Nxd8 26. Nd5 Nc6 27. Nf4 Ne5
28. Rd1 g6 29. Kg2 Ng7 30. Rd6 Rb8 31. Nc7 Ne8 32. Nxe8 Rxe8 33. Bb5 Rf8 34.
Nxe6 fxe6 35. Rxe6 Ng4 36. Kg3 Ne3 37. c3 Kg7 38. Re7+ Rf7 39. Rxf7+ Kxf7 40.
Be2 Ke6 41. Kf2 Nc2 42. Bd1 Na1 43. c4 1-0

[Event "European Club Cup 2006"]
[Site "Fuegen AUT"]
[Date "2006.10.13"]
[Round "6.73"]
[White "Polzin, Rainer"]
[Black "Thorhallsson, Throstur"]
[Result "0-1"]
[WhiteElo "2480"]
[BlackElo "2469"]
[PlyCount "88"]
[EventDate "2006.10.08"]
[EventType "team"]
[EventRounds "7"]
[EventCountry "AUT"]
[Source "lmi"]
[SourceDate "2006.10.08"]

1. e4 c5 2. Nf3 Nc6 3. d4 cxd4 4. Nxd4 Qb6 5. Nb3 Nf6 6. Nc3 e6 7. Qe2 Bb4 8.
Bd2 O-O 9. a3 Be7 10. Be3 Qc7 11. f4 d5 12. e5 Nd7 13. Nb5 Qd8 14. O-O-O a6 15.
N5d4 Nc5 16. Nxc6 Nxb3+ 17. cxb3 bxc6 18. Qc2 Rb8 19. Bd3 h6 20. g4 c5 21. g5
c4 22. bxc4 hxg5 23. h4 g4 24. Bh7+ Kh8 25. h5 Qa5 26. c5 Bd7 27. Bg6 Ba4 28.
Qd2 Qb5 29. Bd3 Qb3 30. Rdg1 d4 31. Bxd4 Rfd8 32. Bc3 Bxc5 33. Rxg4 Qa2 34. Bb1
Rxd2 35. Bxa2 Rc2+ 36. Kb1 Rxc3 37. Ka1 Rc2 38. h6 g6 39. f5 Bc6 40. fxg6 Bxh1
41. g7+ Kg8 42. h7+ Kxh7 43. Bb1 Be4 44. Rxe4 Rcxb2 0-1

[Event "European Club Cup 2006"]
[Site "Fuegen AUT"]
[Date "2006.10.13"]
[Round "6.74"]
[White "Kristjansson, Stefan"]
[Black "Thiede, Lars"]
[Result "1/2-1/2"]
[WhiteElo "2482"]
[BlackElo "2504"]
[PlyCount "162"]
[EventDate "2006.10.08"]
[EventType "team"]
[EventRounds "7"]
[EventCountry "AUT"]
[Source "lmi"]
[SourceDate "2006.10.08"]

1. e4 g6 2. d4 Bg7 3. Nc3 d6 4. Be3 a6 5. a4 Nf6 6. h3 O-O 7. g4 c5 8. dxc5 Qa5
9. Bg2 dxc5 10. Nge2 Nc6 11. O-O Rd8 12. Nd5 e6 13. Bd2 Nb4 14. Nxb4 cxb4 15.
Bxb4 Qc7 16. Qc1 Bd7 17. Bc3 Rac8 18. Qf4 Qxf4 19. Nxf4 Bc6 20. Rfe1 Nd7 21.
Bxg7 Kxg7 22. Nd3 Nb6 23. b3 Be8 24. a5 Na8 25. Nb4 Rd4 26. c4 e5 27. Rad1 Rcd8
28. Rxd4 Rxd4 29. Nd5 Bc6 30. Rc1 Kf8 31. b4 Ke8 32. b5 axb5 33. cxb5 Bxd5 34.
exd5 Kd7 35. d6 e4 36. g5 Ra4 37. a6 bxa6 38. bxa6 Kxd6 39. Re1 Ke5 40. f3 Nc7
41. a7 f5 42. gxf6 Kxf6 43. Rxe4 Rxa7 44. h4 Ra1+ 45. Kf2 Ra2+ 46. Kg3 Nd5 47.
Bf1 Ne7 48. Bh3 Ra6 49. Rd4 Rb6 50. Bg4 h5 51. Bh3 Ng8 52. Rf4+ Kg7 53. Rd4 Nh6
54. Rd7+ Kf6 55. Rd4 Nf7 56. Rf4+ Kg7 57. Re4 Rd6 58. Rf4 Ne5 59. Re4 Nc6 60.
Re6 Rxe6 61. Bxe6 Nd4 62. Bd7 Kf6 63. Be8 Nf5+ 64. Kh3 Ng7 65. Ba4 Ke5 66. Bb3
Nf5 67. Bf7 Kf6 68. Ba2 Nd4 69. Kg3 Ne2+ 70. Kf2 Nf4 71. Kg3 g5 72. hxg5+ Kxg5
73. Bc4 h4+ 74. Kh2 Kf6 75. Ba6 Ke5 76. Bc8 Kd4 77. Bd7 Ke3 78. Bc6 Kf2 79. Bb7
Kf1 80. Bc6 Kf2 81. Bb7 Ke2 1/2-1/2

[Event "European Club Cup 2006"]
[Site "Fuegen AUT"]
[Date "2006.10.13"]
[Round "6.75"]
[White "Borriss, Martin"]
[Black "Steingrimsson, Hedinn"]
[Result "1/2-1/2"]
[WhiteElo "2455"]
[BlackElo "2466"]
[PlyCount "93"]
[EventDate "2006.10.08"]
[EventType "team"]
[EventRounds "7"]
[EventCountry "AUT"]
[Source "lmi"]
[SourceDate "2006.10.08"]

1. e4 c5 2. Nf3 d6 3. d4 cxd4 4. Nxd4 Nf6 5. Nc3 a6 6. Be3 e6 7. g4 e5 8. Nf5
g6 9. g5 gxf5 10. exf5 d5 11. Qf3 d4 12. O-O-O Nbd7 13. Bd2 dxc3 14. Bxc3 Qc7
15. Bg2 Bg7 16. gxf6 Bxf6 17. Qg3 Qc4 18. Rhe1 Qh4 19. f4 Qxg3 20. hxg3 O-O 21.
fxe5 Bg5+ 22. Kb1 Re8 23. b3 Ra7 24. Bd5 b6 25. e6 fxe6 26. Rxe6 Kf8 27. Bg7+
Kxg7 28. Rxe8 Bb7 29. Rg8+ Kf6 30. Bxb7 Rxb7 31. Rd6+ Ke5 32. Rxd7 Rxd7 33.
Rxg5 Rd1+ 34. Kb2 Rg1 35. Rh5 Rxg3 36. Rxh7 Kxf5 37. Rh6 Rg6 38. Rxg6 Kxg6 39.
Kc3 Kf5 40. Kd4 Ke6 41. c4 Kd6 42. b4 Kc6 43. Ke5 a5 44. bxa5 {[44.} b5 {Kc5}
45. a4 {b5! Kd4} bxc4 {Kxc4 Kb7 Kb5 Ka7} 46. a6 {Ka8} Kb6 {Kb8} 47. a7 {Ka8 a3}
1/2-1/2

[Event "European Club Cup 2006"]
[Site "Fuegen AUT"]
[Date "2006.10.13"]
[Round "6.76"]
[White "Gunnarsson, Arnar"]
[Black "Berndt, Stephan"]
[Result "1-0"]
[WhiteElo "2430"]
[BlackElo "2445"]
[PlyCount "81"]
[EventDate "2006.10.08"]
[EventType "team"]
[EventRounds "7"]
[EventCountry "AUT"]
[Source "lmi"]
[SourceDate "2006.10.08"]

1. c4 e5 2. Nc3 Nc6 3. Nf3 g6 4. d4 exd4 5. Nxd4 Bg7 6. Nc2 d6 7. g3 Nge7 8.
Bg2 O-O 9. Bd2 Rb8 10. Qc1 Ne5 11. b3 a6 12. a4 Re8 13. O-O c6 14. Rd1 Qb6 15.
Qa3 Ng4 16. e3 Bf5 17. a5 Qa7 18. Ra2 Ne5 19. Ne1 b5 20. axb6 Qxb6 21. e4 Be6
22. Qxd6 Ng4 23. c5 Qa7 24. h3 Rbd8 25. Qf4 Nxf2 26. Qxf2 Bd4 27. Be3 Bxc3 28.
Rd6 Nc8 29. Rxc6 Bxb3 30. Raxa6 Qe7 31. Kh2 Rd1 32. Nc2 Qd7 33. Bh6 Bc4 34. Ne3
Rd2 35. Qf3 Qd3 36. Ra8 Be6 37. Qf4 Qe2 38. Qf1 Qh5 39. Rxe6 fxe6 40. Ng4 Qxc5
41. Bxd2 1-0

[Event "European Club Cup 2006"]
[Site "Fuegen AUT"]
[Date "2006.10.13"]
[Round "6.77"]
[White "Schneider, Ilja"]
[Black "Bergsson, Snorri"]
[Result "1/2-1/2"]
[WhiteElo "2368"]
[BlackElo "2334"]
[PlyCount "157"]
[EventDate "2006.10.08"]
[EventType "team"]
[EventRounds "7"]
[EventCountry "AUT"]
[Source "lmi"]
[SourceDate "2006.10.08"]

1. e4 e6 2. d4 d5 3. Nc3 Bb4 4. exd5 exd5 5. Bd3 Nf6 6. Nge2 Bg4 7. O-O O-O 8.
f3 Bh5 9. Nf4 Bg6 10. Nxg6 hxg6 11. Bg5 c5 12. dxc5 Bxc3 13. bxc3 Qa5 14. Be3
Qxc3 15. Rb1 Nc6 16. Qd2 Qxd2 17. Bxd2 Nd7 18. Bf4 Rfc8 19. Bd6 Nd8 20. Rfe1
Ne6 21. Bxg6 Ndxc5 22. Bf5 Rc6 23. Bxc5 Nxc5 24. Re5 Rd8 25. Rd1 g6 26. Bh3 d4
27. g3 d3 28. Bf1 f6 29. Re2 Rcd6 30. cxd3 Kf7 31. Rc2 b6 32. Rc4 Rd4 33. Be2
R8d7 34. Rxd4 Rxd4 35. Kf2 Ke7 36. Ke3 Ra4 37. d4 Ra3+ 38. Kf2 Na4 39. Bc4 Nb2
40. Re1+ Kd8 41. Bb5 Rxa2 42. Re8+ Kc7 43. Re6 Nd1+ 44. Ke1 Rb2 45. Be8 Nc3 46.
Rc6+ Kd8 47. Bxg6 Ne2 48. Rxf6 Ke7 49. Rf7+ Ke6 50. Rxa7 Nxd4 51. Be4 Rxh2 52.
Ra4 Ne2 53. g4 Ng3 54. Rb4 Ke5 55. Bd3 Ra2 56. f4+ Kd6 57. Rxb6+ Kc5 58. Rb3
Kd4 59. Bb1 Re2+ 60. Kd1 Rg2 61. Rd3+ Kc4 62. Re3 Kd4 63. Rd3+ Kc4 64. Rd8 Rg1+
65. Kc2 Ne2 66. Ba2+ Kc5 67. f5 Nd4+ 68. Kd3 Rg3+ 69. Ke4 Rxg4+ 70. Ke5 Nc6+
71. Ke6 Nxd8+ 72. Kd7 Nc6 73. f6 Ne5+ 74. Ke6 Kd4 75. f7 Rf4 76. Ke7 Ng6+ 77.
Ke6 Nh8 78. Ke7 Ke5 79. f8=N 1/2-1/2

[Event "European Club Cup 2006"]
[Site "Fuegen AUT"]
[Date "2006.10.13"]
[Round "6.80"]
[White "Ernst, Sipke"]
[Black "Ogaard, Leif"]
[Result "1-0"]
[WhiteElo "2512"]
[BlackElo "2395"]
[PlyCount "117"]
[EventDate "2006.10.08"]
[EventType "team"]
[EventRounds "7"]
[EventCountry "AUT"]
[Source "lmi"]
[SourceDate "2006.10.08"]

1. d4 Nf6 2. c4 e6 3. Nf3 d5 4. Nc3 Be7 5. Bg5 O-O 6. e3 h6 7. Bh4 b6 8. Be2
Bb7 9. Bxf6 Bxf6 10. cxd5 exd5 11. b4 c5 12. bxc5 bxc5 13. Rb1 Bc6 14. O-O Nd7
15. Bb5 Qc7 16. Qd3 Rfd8 17. Rfc1 Rab8 18. a4 Qd6 19. h3 cxd4 20. Nxd4 Nc5 21.
Qd1 Ba8 22. Nce2 g6 23. Qc2 Be7 24. Nf4 Kh7 25. g3 a6 26. Bf1 Rxb1 27. Rxb1 Qd7
28. Rb6 Rc8 29. Qb1 Rg8 30. h4 Bd8 31. Bh3 Qe7 32. Rb2 Bc7 33. h5 Bxf4 34. exf4
Qe4 35. Qxe4 dxe4 36. Rc2 Rd8 37. hxg6+ Kxg6 38. Rc4 Kf6 39. Bf1 Nd3 40. Nc2
Rd7 41. Ne3 a5 42. Rc8 Bb7 43. Rb8 Rc7 44. Be2 Bc6 45. Rb6 Kg7 46. Ra6 Nc5 47.
Rxa5 Nxa4 48. Bg4 Rb7 49. Kg2 Rb8 50. Rh5 Rh8 51. Rh1 Nb2 52. Rc1 Ba8 53. Rb1
Nd3 54. Rb6 h5 55. Bd1 h4 56. Bb3 hxg3 57. Kxg3 Rh1 58. Nf5+ Kh7 59. Bxf7 1-0

[Event "European Club Cup 2006"]
[Site "Fuegen AUT"]
[Date "2006.10.13"]
[Round "6.81"]
[White "Hammer, Jon Ludvig"]
[Black "Hoffmann, Michael"]
[Result "1/2-1/2"]
[WhiteElo "2380"]
[BlackElo "2477"]
[PlyCount "45"]
[EventDate "2006.10.08"]
[EventType "team"]
[EventRounds "7"]
[EventCountry "AUT"]
[Source "lmi"]
[SourceDate "2006.10.08"]

1. d4 Nf6 2. c4 e6 3. Nf3 Nc6 4. Nc3 Bb4 5. Qc2 d6 6. e4 Bxc3+ 7. bxc3 e5 8.
Bd3 h6 9. Be3 O-O 10. O-O Qe7 11. d5 Na5 12. Qe2 c6 13. Nd2 Ng4 14. Nb3 Nxb3
15. axb3 cxd5 16. cxd5 b6 17. Ra2 f5 18. exf5 Bxf5 19. Bxf5 Rxf5 20. Rfa1 Qb7
21. Qd3 e4 22. Qxe4 Qxd5 23. f3 1/2-1/2